00904nam a2200229 i 450000100060000000300090000600500170001500700030003200800410003502000180007608000230009408000190011710000340013624501330017026001090030330000220041265100490043465100470048370000220053071000890055285200330064117889ES-MaACL20230906151715.0t|010614s2001 sp ||||1| spa d a84-95146-68-1 a355.48(460.31)"15" a946.0"1516/56"1 aPardo Molero, Juan Francisco.13aLa defensa del imperio b: Carlos V, Valencia y el Mediterráneo /cJuan Francisco Pardo Molero ; prólogo de Bernard Vincent. aMadrid : bSociedad Estatal para la Conmemoración de los Centenarios de Felipe II y Carlos V, c[2001] a451 p. ; c24 cm. 4aValencia (Reino)-xHistoria militar-yS.XVI. 4aEspaña-xHistoria-y1516-1556, Carlos I.1 aVincent, Bernard.2 aSociedad Estatal para la Conmemoración de los Centenarios de Felipe II y Carlos V. aES-MaACLjL-24611 bR.130041